000 00320nam a22001217a 4500
008 250311b |||||||| |||| 00| 0 eng d
020 _a9789352692538
050 _aHD 31
_b.K95
100 _aChandan Kumar
245 _aBusiness Administration and Marketing
260 _aNew Delhi
_bRandom Publication
_c2019
942 _cBK
999 _c2238
_d2238